| 000 | 00644nam a2200253Ia 4500 | ||
|---|---|---|---|
| 003 | EC-GqESP | ||
| 005 | 20260224134309.0 | ||
| 008 | 250425s9999 xx 000 0 und d | ||
| 010 | _a84481 | ||
| 020 | _a9789978310953 | ||
| 041 | _aspa | ||
| 082 | _a333.716 | ||
| 100 | _aCHANG GOMEZ, JOSE V. | ||
| 245 | 0 | _aPRINCIPIOS DE CONTAMINACION AMBIENTAL | |
| 250 | _a1A ED. | ||
| 260 |
_aEcuador _bESPOL _c2012 |
||
| 260 | _aGUAYAQUIL | ||
| 300 | _a174 | ||
| 500 | _aSERIE NUESTROS VALORES N° 45 | ||
| 650 | _aAGUA-CONTAMINACION-TOXICOLOGIA | ||
| 650 | _aCONTAMINACION AMBIENTAL | ||
| 650 | _aCONTAMINACION DEL AIRE | ||
| 942 | _c01 | ||
| 999 |
_c231359 _d231359 |
||